000 00766nam a2200289Ia 4500
001 Para_1773
003 CHAP
008 220125s1988 xx 000 0 und d
010 _a200405
040 _cCHAP
082 _aPA 648.7 G33
100 _aHadlington, P.
_9165271
245 _aUrban pest control in fustration /
_c by P. Hadlington and J. Gerozisis
250 _a2a. revisada
260 _aAustralia :
_b asu press
300 _a278 p.
650 _aControl de plagas
_927595
650 _aPlagas urbanas
_9165272
700 _aGerozisis, J.
_9165273
901 _aPA 648.7 G33
902 _aA
905 _a0000001988 z 0000000000 00
910 _a1988
942 _cPARA
942 _cPARA
_d1
999 _c200405
_d200405